Daniel Hevier: Elektrónkový klaun

Bibliographic Details
Main Author: Okáli, Daniel, 1903-1987 (Author)
Format: Article
Language:Slovak
Subjects:

MARC

LEADER 00000nab a2200000 a 4500
001 vtls000164587
003 SK-MaSNL
005 20260304071825.0
008 250423c1983 xo 0 slo
015 |a SNBRB19rr/mm-uuuuu 
035 |a CL0174698 
035 |a urn:nbn:sk:snk-abekht 
035 |a (urnnbn)urn:nbn:sk:snk:ar-0005qb 
035 |a (uuid)14bc5b2b-f84f-4661-a378-6d35592575e1 
040 |a SNKBUCL  |b slo  |c SNKBUCL  |e AACR2 
041 0 |a slo 
044 |a xo  |c SK 
080 |a 82.09:885.4-1(048)  |2 1981 
080 |a 885.4-1(048)  |2 1981 
100 1 |a Okáli, Daniel,  |d 1903-1987  |4 aut  |9 103257 
245 1 0 |a Daniel Hevier: Elektrónkový klaun  |c Daniel Okáli 
500 |a V rubrike Knihy, recenzie, glosy 
650 0 7 |a slovenská poézia  |2 snkbucl  |9 215422 
655 7 |a recenzie  |2 snkbucl  |9 21907 
655 7 |a články z novín a časopisov  |2 snkbucl  |9 267496 
655 7 |a články z odboru literárna veda a krásna literatúra  |2 snkbucl  |9 770045 
773 0 |t Slovenské pohľady  |g Roč. 99, č. 10 (1983), s. 137-139 
787 0 8 |i Rec.:  |a Hevier, Daniel  |t Elektrónkový klaun  |d Bratislava : Slovenský spisovateľ, 1983 
850 |a Slovenská národná knižnica 
852 |a Slovenská národná knižnica 
954 |a odborná, vedecká literatúra pôvodná (slovenská)  |2 lita 
958 |a article27 
958 |a BX 
958 |a RK 
958 |a LX 
958 |a OND 
958 |a EUIPO 
992 |a RBX 
999 |c 2762332  |d 2764262